[Event "ROM-ch U12 Boys"]
[Site "Voineasa"]
[Date "2008.04.16"]
[Round "7"]
[White "Nicolae, Marius Cristian"]
[Black "Popirda, Vlad Gabriel"]
[Result "0-1"]
[WhiteElo "467"]
[BlackElo "410"]
[PlyCount "116"]
[EventDate "2008.04.08"]
[EventType "swiss"]
[EventRounds "9"]
[EventCountry "ROU"]
[SourceTitle "EXT 2013"]
[Source "ChessBase"]
[SourceDate "2012.11.22"]
[SourceVersion "1"]
[SourceVersionDate "2012.11.22"]
[SourceQuality "1"]

1. e4 e5 2. Nf3 Nc6 3. Bc4 Bc5 4. Nc3 d6 5. h3 Nf6 6. 0-0 h6 7. d3 0-0 8. Nd5 Be6 9. Nxf6+ Qxf6 10. Bb5 Nd4 11. Nxd4 Bxd4 12. c3 Bc5 13. Be3 Qg6 14. Kh1 Bxe3 15. fxe3 c6 16. Ba4 b5 17. Bc2 Rad8 18. Bb3 d5 19. exd5 Bxd5 20. Bxd5 Rxd5 21. e4 Rd6 22. Qe2 Rfd8 23. Rad1 a5 24. b3 Qg5 25. Qf3 Rf6 26. Qe2 Rdd6 27. Kg1 Qg3 28. Rf3 Rxf3 29. Qxf3 Rg6 30. Rf1 f6 31. Qxg3 Rxg3 32. Rf3 Rxf3 33. gxf3 c5 34. Kf2 Kf7 35. Ke3 Ke6 36. d4 Kd6 37. f4 g5 38. fxe5+ fxe5 39. dxe5+ Kxe5 40. Kf3 h5 41. a3 g4+ 42. hxg4 hxg4+ 43. Kxg4 Kxe4 44. Kg3 Kd3 45. b4 cxb4 46. cxb4 axb4 47. axb4 Kc3 48. Kf2 Kxb4 49. Ke2 Ka3 50. Kd3 b4 51. Kd2 Ka2 52. Kc2 b3+ 53. Kc3 b2 54. Kb4 b1Q+ 55. Ka4 Qb3+ 56. Ka5 Kb2 57. Ka6 Kc3 58. Ka5 Qb7 0-1